<?xml version="1.0" encoding="UTF-8"?>
<record
    xmlns:xsi="http://www.w3.org/2001/XMLSchema-instance"
    xsi:schemaLocation="http://www.loc.gov/MARC21/slim http://www.loc.gov/standards/marcxml/schema/MARC21slim.xsd"
    xmlns="http://www.loc.gov/MARC21/slim">

  <leader>00522nam a22001097a 4500</leader>
  <datafield tag="040" ind1=" " ind2=" ">
    <subfield code="c">rua</subfield>
  </datafield>
  <datafield tag="082" ind1=" " ind2=" ">
    <subfield code="a">DOC &#x179C;&#x17C9;&#x17B6;&#x1793;&#x17CB; 2013 C332 Or.</subfield>
  </datafield>
  <datafield tag="245" ind1=" " ind2=" ">
    <subfield code="a">&#x1799;&#x1793;&#x17D2;&#x178F;&#x1780;&#x17B6;&#x179A;&#x178A;&#x17C2;&#x179B;&#x1798;&#x17B6;&#x1793;&#x1794;&#x17D2;&#x179A;&#x179F;&#x17B7;&#x1791;&#x17D2;&#x1792;&#x1797;&#x17B6;&#x1796;&#x179F;&#x1798;&#x17D2;&#x179A;&#x17B6;&#x1794;&#x17CB;&#x1794;&#x1789;&#x17D2;&#x179A;&#x17D2;&#x1787;&#x17B6;&#x1794;&#x1780;&#x17B6;&#x179A;&#x1794;&#x17D2;&#x179A;&#x17C2;&#x1794;&#x17D2;&#x179A;&#x17BD;&#x179B;&#x17A2;&#x17B6;&#x1780;&#x17B6;&#x179F;&#x1792;&#x17B6;&#x178F;&#x17BB;&#x1793;&#x17C5;&#x1780;&#x17D2;&#x1793;&#x17BB;&#x1784;&#x1780;&#x17B6;&#x179A;&#x1780;&#x179F;&#x17B6;&#x1784;&#x1795;&#x17C2;&#x1793;&#x1780;&#x17B6;&#x179A;&#x1790;&#x17D2;&#x1793;&#x17B6;&#x1780;&#x17CB;&#x1780;&#x17D2;&#x179A;&#x17C4;&#x1798;&#x1787;&#x17B6;&#x178F;&#x17B7;</subfield>
  </datafield>
  <datafield tag="260" ind1=" " ind2=" ">
    <subfield code="a">phnom penh</subfield>
    <subfield code="b">rua</subfield>
    <subfield code="c">2014</subfield>
  </datafield>
  <datafield tag="300" ind1=" " ind2=" ">
    <subfield code="a">vi.20p.</subfield>
    <subfield code="b">ill.</subfield>
    <subfield code="c">29cm.</subfield>
  </datafield>
  <datafield tag="942" ind1=" " ind2=" ">
    <subfield code="c">REC</subfield>
  </datafield>
  <datafield tag="999" ind1=" " ind2=" ">
    <subfield code="c">22018</subfield>
    <subfield code="d">22018</subfield>
  </datafield>
  <datafield tag="952" ind1=" " ind2=" ">
    <subfield code="0">0</subfield>
    <subfield code="1">0</subfield>
    <subfield code="4">0</subfield>
    <subfield code="6">DOC_&#x179C;&#x17B6;&#x1793;_2013_000000000000000_C332_OR</subfield>
    <subfield code="7">0</subfield>
    <subfield code="9">96165</subfield>
    <subfield code="a">LBC</subfield>
    <subfield code="b">LBC</subfield>
    <subfield code="c">C332</subfield>
    <subfield code="d">2023-10-18</subfield>
    <subfield code="o">DOC &#x179C;&#x17C9;&#x17B6;&#x1793;&#x17CB; 2013 C332 Or.</subfield>
    <subfield code="p">a73094</subfield>
    <subfield code="r">2023-10-18</subfield>
    <subfield code="w">2023-10-18</subfield>
    <subfield code="y">REC</subfield>
  </datafield>
</record>
